Essentials of Molecular Biology (Record no. 4358)

MARC details
000 -LEADER
fixed length control field 00359nam a2200145Ia 4500
008 - FIXED-LENGTH DATA ELEMENTS--GENERAL INFORMATION
fixed length control field 191201s2009 xx 000 0 und d
082 ## - DEWEY DECIMAL CLASSIFICATION NUMBER
Classification number 572.8
Item number MAE
100 ## - MAIN ENTRY--PERSONAL NAME
Personal name MALACINSKI,Grorgen
245 #0 - TITLE STATEMENT
Title Essentials of Molecular Biology
250 ## - EDITION STATEMENT
Edition statement 4th
260 ## - PUBLICATION, DISTRIBUTION, ETC. (IMPRINT)
Place of publication, distribution, etc Sudbury
Name of publisher, distributor, etc Jones and bartlett pub.
Date of publication, distribution, etc 2009
300 ## - PHYSICAL DESCRIPTION
Extent 491
650 ## - SUBJECT ADDED ENTRY--TOPICAL TERM
Topical term or geographic name as entry element Applied
942 ## - ADDED ENTRY ELEMENTS (KOHA)
Source of classification or shelving scheme Dewey Decimal Classification
Koha item type Text Books
Holdings
Withdrawn status Lost status Source of classification or shelving scheme Damaged status Not for loan Collection code Home library Current library Date acquired Source of acquisition Cost, normal purchase price Bill Number Total Checkouts Full call number Acc. no. / Barcode Date last seen Bill Date Koha item type
    Dewey Decimal Classification     Applied Sc. PIET C-LIBRARY PIET C-LIBRARY 21/01/2010 J B C, New Delhi 4586.00 SI-4207   572.8 MAE 14560 04/12/2019 16/01/2010 Text Books
    Dewey Decimal Classification     Applied Sc. PIET C-LIBRARY PIET C-LIBRARY 21/01/2010 J B C, New Delhi 4586.00 SI-4207   572.8 MAE 14561 04/12/2019 16/01/2010 Reference Books

Design & Developed by: PIET Central Library
R70 Miles Stone Pattikalyana Samalkha Panipat 132102
mail ID :- [email protected], Phone No:- 0180-2569700 Ex.216